हेरांSया अजब जगात / करामत हुशार कुत्र्याSाी (Record no. 321362)

MARC details
000 -LEADER
fixed length control field 00760nam a2200169Ia 4500
008 - FIXED-LENGTH DATA ELEMENTS--GENERAL INFORMATION
fixed length control field 090711s9999 xx 000 0 und d
082 ## - DEWEY DECIMAL CLASSIFICATION NUMBER
Item number 78877
100 ## - MAIN ENTRY--PERSONAL NAME
Personal name देवधर विजय
245 ## - TITLE STATEMENT
Title हेरांSया अजब जगात / करामत हुशार कुत्र्याSाी
260 ## - PUBLICATION, DISTRIBUTION, ETC. (IMPRINT)
Name of publisher, distributor, etc शब्दाली प्रकाशन
Date of publication, distribution, etc 1994
300 ## - PHYSICAL DESCRIPTION
Extent 64+72
600 ## - SUBJECT ADDED ENTRY--PERSONAL NAME
Personal name देवधर विजय
630 ## - SUBJECT ADDED ENTRY--UNIFORM TITLE
Uniform title हेरांSया अजब जगात / करामत हुशार कुत्र्याSाी
700 ## - ADDED ENTRY--PERSONAL NAME
Personal name देवधर विजय
730 ## - ADDED ENTRY--UNIFORM TITLE
Uniform title हेरांSया अजब जगात / करामत हुशार कुत्र्याSाी
942 ## - ADDED ENTRY ELEMENTS (KOHA)
Koha item type Book
Holdings
Withdrawn status Lost status Damaged status Not for loan Home library Current library Date acquired Cost, normal purchase price Total Checkouts Full call number Barcode Date last seen Cost, replacement price Price effective from Koha item type
        Dadar Sarvajanik Vachanalaya, Dardar Dadar Sarvajanik Vachanalaya, Dardar 04/01/1996 46.00   78877 DASAVA-78877 07/11/2009 46.00 07/11/2009 Book